Налоги и финансовое право. №64(1): НДС метод счетов-фактур (Запись № 2990043)

Подробности
000 -МАРКЕР
контрольное поле 01637nam2a22002891 4500
001 - ИДЕНТИФИКАТОР ЗАПИСИ
контрольное поле RU\NLR\INFOCOMM20\1000013061
005 - ИДЕНТИФИКАТОР ВЕРСИИ
контрольное поле 20250617071911.0
035 ## - ДРУГИЕ СИСТЕМНЫЕ НОМЕРА
Идентификатор записи (NLR Aleph) 002547514
100 ## - ДАННЫЕ ОБЩЕЙ ОБРАБОТКИ
Данные общей обработки 20040524d1997 |||y0rusy50 ca
101 0# - ЯЗЫК РЕСУРСА
Язык текста, звукозаписи и т.д. русский
102 ## - СТРАНА ПУБЛИКАЦИИ ИЛИ ПРОИЗВОДСТВА
Страна публикации Российская Федерация
105 ## - ПОЛЕ КОДИРОВАННЫХ ДАННЫХ: ТЕКСТОВЫЕ МАТЕРИАЛЫ, МОНОГРАФИЧЕСКИЕ
Кодированные данные о монографическом текстовом документе y |||||||||
200 1# - ЗАГЛАВИЕ И СВЕДЕНИЯ ОБ ОТВЕТСТВЕННОСТИ
Основное заглавие НДС метод счетов-фактур
Первые сведения об ответственности А.Н. Головкин
210 ## - ПУБЛИКАЦИЯ, РАСПРОСТРАНЕНИЕ И ДР.
Дата издания, распространения и т.д. 1997
Место издания, распространения и т.д. Б. м.
421 #0 - ПРИЛОЖЕНИЕ
Встроенное поле 2001#$aЦентр экономических экспертиз Налоги и финансовое право
-- 210##$aЕкатеринбург$d1997
-- 215##$a[16] с.
-- 309##$a(вкладка)
Заглавие Центр экономических экспертиз Налоги и финансовое право
421 #0 - ПРИЛОЖЕНИЕ
Встроенное поле 2001#$aЦентр экономических экспертиз Налоги и финансовое право
Заглавие Центр экономических экспертиз Налоги и финансовое право
461 #0 - УРОВЕНЬ НАБОРА
Встроенное поле 001RU\NLR\INFOCOMM20\1000013007
-- 2001#$aНалоги и финансовое право$eЖурн.$fЦентр экон. экспертиз "Налоги и фин. право"$v№64(1)
Системный номер (АБИС) связанной записи 2989575
Место публикации Екатеринбург
Дата публикации 1994 -
Первые сведения об ответственности Центр экон. экспертиз "Налоги и фин. право"
Сведения, относящиеся к заглавию Журн.
Заглавие Налоги и финансовое право
ISSN 2078-7561
Номер тома №64(1)
700 #1 - ИМЯ ЛИЦА - ПЕРВИЧНАЯ ОТВЕТСТВЕННОСТЬ
Начальный элемент ввода Головкин
Часть имени, кроме начального элемента ввода А.Н.
Код отношения Автор
801 #1 - ИСТОЧНИК ЗАПИСИ
Страна Российская Федерация
Организация InfoComm
Дата составления 20040524
801 #0 - ИСТОЧНИК ЗАПИСИ
Страна Российская Федерация
Организация NLR
Правила каталогизации PSBO
801 #2 - ИСТОЧНИК ЗАПИСИ
Страна Российская Федерация
Организация NLR
Дата составления 20070219
Источник данных rusmarc
852 ## - МЕСТОНАХОЖДЕНИЕ И ШИФР ХРАНЕНИЯ
Идентификатор организации NLR
Шифр хранения (Call Number) П22/6572
942 ## - ДОПОЛНИТЕЛЬНЫЕ ЭЛЕМЕНТЫ ЗАПИСИ (АБИС)
Тип экземпляра АБИС Выпуск
980 ## - КОЛЛЕКЦИЯ
Название коллекции Национальная библиография
980 ## - КОЛЛЕКЦИЯ
Название коллекции Русская периодика

Нет доступных экземпляров.